Shakespeare Characters from 'Hamlet' - Statistics

General Stats
  • This quiz has been taken 1,174 times
  • The average score is 11 of 20
Answer Stats
Answer % Correct
Hamlet
100%
Ophelia
95%
King Claudius
87%
Queen Gertrude
85%
Polonius
80%
Ghost of King Hamlet
77%
Horatio
75%
Rosencrantz
75%
Guildenstern
74%
Laertes
74%
Fortinbras
48%
The Gravediggers
37%
The Players
34%
Marcellus
28%
Osric
24%
Bernardo
23%
Francisco
14%
Reynaldo
14%
Cornelius
12%
Voltimand
10%
No matching quizzes found
Score Distribution
Percent of People with Each Score
Percentile by Number Answered
Your Score History
You have not taken this quiz